[Event "Bad Woerishofen Sen"]
[Site "Bad Woerishofen"]
[Date "2001.??.??"]
[Round "8"]
[White "Eisenhuth, Matthias"]
[Black "Franz, Irma"]
[Result "1-0"]
[WhiteElo "1718"]
[BlackElo "1370"]
[Annotator "ChessOrg"]
[PlyCount "127"]
[EventDate "1998.03.05"]
[Source "ChessBase"]
[SourceDate "1998.04.29"]

1. d4 d5 2. c4 Nf6 3. Nc3 e6 4. cxd5 exd5 5. Bg5 Be7 6. e3 O-O 7. Qc2 Be6 8.
Bd3 Nbd7 9. Nge2 g6 10. Nf4 Ne8 11. Bxe7 Qxe7 12. Nfxd5 Qd8 13. Nf4 Ng7 14. h4
Bf5 15. e4 Re8 16. O-O-O Bg4 17. f3 Ne6 18. Nxe6 Bxe6 19. d5 Bxd5 20. Nxd5 c6
21. Nc3 Qa5 22. Qa4 Qc5 23. Kb1 Nb6 24. Qc2 Re7 25. g4 h5 26. gxh5 Qxh5 27. Be2
Qe5 28. Rdg1 Kf8 29. Qd2 Rd7 30. Qh6+ Ke7 31. h5 Rh8 32. Qg5+ Qxg5 33. Rxg5
gxh5 34. Rhxh5 Rxh5 35. Rxh5 Kd8 36. f4 Kc7 37. Rh7 Re7 38. f5 Nd7 39. f6 Nxf6
40. Rg7 Ne8 41. Rg2 f6 42. Rf2 Kd6 43. Bh5 Ke6 44. Bxe8 Rxe8 45. Kc2 b5 46. a3
a5 47. Kd2 Rg8 48. Ne2 c5 49. Ke3 b4 50. axb4 axb4 51. Rf5 Rc8 52. Nf4+ Kf7 53.
Nd5 Rc6 54. b3 Re6 55. Kd3 Rd6 56. Kc4 Re6 57. Rxf6+ Rxf6 58. Nxf6 Kxf6 59.
Kxc5 Ke5 60. Kxb4 Kxe4 61. Kc5 Ke5 62. b4 Ke6 63. Kc6 Ke7 64. Kc7 1-0

[Event "Bad Woerishofen Sen"]
[Site "Bad Woerishofen"]
[Date "2001.??.??"]
[Round "2"]
[White "Erler, Klaus-Juergen"]
[Black "Schumacher, Horst"]
[Result "1/2-1/2"]
[WhiteElo "1750"]
[BlackElo "1687"]
[Annotator "ChessOrg"]
[PlyCount "50"]
[EventDate "1998.03.05"]
[Source "ChessBase"]
[SourceDate "1998.04.29"]

1. c4 f5 2. g3 Nf6 3. Bg2 g6 4. Nf3 Bg7 5. Nc3 d6 6. d3 O-O 7. O-O e5 8. Rb1 c6
9. Bd2 h6 10. b4 Kh7 11. b5 c5 12. Ne1 Nbd7 13. Nc2 Rb8 14. Ne3 b6 15. Ned5 Bb7
16. Qa4 Nxd5 17. Nxd5 Bxd5 18. Bxd5 Nf6 19. Bg2 Rf7 20. Qb3 Qe7 21. a4 e4 22.
a5 Qe6 23. axb6 axb6 24. Ra1 Rff8 25. Ra6 Nd7 1/2-1/2

[Event "Bad Woerishofen Sen"]
[Site "Bad Woerishofen"]
[Date "2001.??.??"]
[Round "4"]
[White "Erler, Klaus-Juergen"]
[Black "Gestrich, Wolfgang"]
[Result "1/2-1/2"]
[WhiteElo "1750"]
[BlackElo "1594"]
[Annotator "ChessOrg"]
[PlyCount "47"]
[EventDate "1998.03.05"]
[Source "ChessBase"]
[SourceDate "1998.04.29"]

1. c4 e5 2. Nc3 f5 3. e3 Nf6 4. d4 e4 5. Nh3 d5 6. cxd5 Nxd5 7. Nxd5 Qxd5 8.
Nf4 Bb4+ 9. Bd2 Qa5 10. Bc4 c6 11. Rc1 Bxd2+ 12. Qxd2 Qxd2+ 13. Kxd2 Ke7 14. h4
b5 15. Bb3 g6 16. Rc5 Kd6 17. Rhc1 Re8 18. a4 a6 19. a5 Ra7 20. R5c2 Bd7 21. d5
Rc7 22. Ke2 c5 23. Ba2 Rcc8 24. b3 1/2-1/2

[Event "Bad Woerishofen Sen"]
[Site "Bad Woerishofen"]
[Date "2001.??.??"]
[Round "5"]
[White "Erler, Klaus-Juergen"]
[Black "Franz, Irma"]
[Result "1-0"]
[WhiteElo "1750"]
[BlackElo "1370"]
[Annotator "ChessOrg"]
[PlyCount "81"]
[EventDate "1998.03.05"]
[Source "ChessBase"]
[SourceDate "1998.04.29"]

1. c4 c5 2. Nc3 e6 3. Nf3 Nf6 4. d4 cxd4 5. Nxd4 Nc6 6. e3 Be7 7. Be2 O-O 8.
O-O a6 9. b3 Nxd4 10. Qxd4 d6 11. Bb2 e5 12. Qd2 Be6 13. Rad1 Qc7 14. Qc2 g6
15. Rd2 Rfe8 16. Rfd1 Rac8 17. Bf3 Bf5 18. Qc1 e4 19. Be2 Qd7 20. Ba3 Rc6 21.
Qa1 Bg4 22. Bxg4 Qxg4 23. Bxd6 Qe6 24. Bxe7 Qxe7 25. Nd5 Nxd5 26. Rxd5 Rc7 27.
h3 h6 28. Qd4 Qf8 29. Qb6 Rce7 30. Rd7 Kg7 31. Qxb7 Rxd7 32. Qxd7 Re6 33. Qd4+
Rf6 34. Qe5 Qa3 35. Qa1 Qb4 36. Qb2 a5 37. a3 Qc5 38. Rd5 Qc7 39. c5 Qe7 40.
Rd6 h5 41. h4 1-0

[Event "Bad Woerishofen Sen"]
[Site "Bad Woerishofen"]
[Date "2001.??.??"]
[Round "7"]
[White "Erler, Klaus-Juergen"]
[Black "Thonig, Manfred"]
[Result "1-0"]
[WhiteElo "1750"]
[BlackElo "1587"]
[Annotator "ChessOrg"]
[PlyCount "107"]
[EventDate "1998.03.05"]
[Source "ChessBase"]
[SourceDate "1998.04.29"]

1. c4 f5 2. Nc3 Nf6 3. Nf3 e6 4. g3 c6 5. Bg2 b6 6. d3 Bb7 7. a3 Be7 8. O-O O-O
9. Qa4 a5 10. Ne5 Qc7 11. Nf3 Na6 12. h3 Nh5 13. Bd2 Bd6 14. e3 Rf6 15. Ne2 Nc5
16. Qc2 Rf7 17. b4 Na6 18. Qb2 c5 19. b5 Nb8 20. a4 e5 21. Bc3 Re7 22. Nh4 Rf7
23. Bxb7 Qxb7 24. Bxe5 Be7 25. Ng2 d6 26. Bc3 Bg5 27. f4 Bd8 28. d4 Qe4 29. Qb1
Qe7 30. dxc5 dxc5 31. Qc2 Qe6 32. Bb2 Raa7 33. Rad1 Nd7 34. Qd3 Qg6 35. Kh2 Bf6
36. Bxf6 Qxf6 37. g4 fxg4 38. hxg4 Qh6 39. gxh5 Qxh5+ 40. Kg1 Nf6 41. Ng3 Qh3
42. Rf3 Rad7 43. Qe2 Rxd1+ 44. Qxd1 Rd7 45. Qe2 Ng4 46. Nf1 Qh6 47. Rg3 Nf6 48.
Qf3 Ne8 49. Nh2 Qe6 50. Ng4 Qxc4 51. Qc6 Qc1+ 52. Kh2 Qd2 53. Ne5 Rd8 54. Qe6+
1-0

[Event "Bad Woerishofen Sen"]
[Site "Bad Woerishofen"]
[Date "2001.??.??"]
[Round "9"]
[White "Erler, Klaus-Juergen"]
[Black "Bierbach, Utz"]
[Result "1/2-1/2"]
[WhiteElo "1750"]
[BlackElo "2055"]
[Annotator "ChessOrg"]
[PlyCount "23"]
[EventDate "1998.03.05"]
[Source "ChessBase"]
[SourceDate "1998.04.29"]

1. c4 g6 2. Nc3 Bg7 3. d4 d6 4. e4 c6 5. Be3 Nf6 6. f3 Nbd7 7. Qd2 h6 8. g4 Qa5
9. Nge2 b5 10. cxb5 cxb5 11. b4 Qb6 12. Nf4 1/2-1/2

[Event "Bad Woerishofen Sen"]
[Site "Bad Woerishofen"]
[Date "2001.??.??"]
[Round "1"]
[White "Fahnenschmidt, Gerhard"]
[Black "Schampel, Arno"]
[Result "1-0"]
[WhiteElo "2270"]
[BlackElo "1755"]
[Annotator "ChessOrg"]
[PlyCount "87"]
[EventDate "1998.03.05"]
[Source "ChessBase"]
[SourceDate "1998.04.29"]

1. Nf3 c5 2. e4 d6 3. d4 cxd4 4. Nxd4 Nf6 5. Nc3 a6 6. Bg5 e6 7. f4 Be7 8. Qf3
Qb6 9. O-O-O Nc6 10. Nxc6 Qxc6 11. e5 Qxf3 12. gxf3 dxe5 13. fxe5 Nd7 14. Bxe7
Kxe7 15. f4 b5 16. Rg1 g6 17. a4 b4 18. Ne4 Bb7 19. Nd6 Bc6 20. a5 Nc5 21. Rd4
Nb7 22. Nxb7 Bxb7 23. Rxb4 Rhb8 24. Rg3 Bc8 25. Rgb3 Rxb4 26. Rxb4 f6 27. Rb6
fxe5 28. fxe5 Ra7 29. b4 g5 30. Kd2 Kf7 31. Ke3 h6 32. Rc6 Ra8 33. Rc7+ Kg6 34.
Bd3+ Kh5 35. Rg7 Rb8 36. Be2+ Kh4 37. Rh7 g4 38. c3 h5 39. h3 Rb7 40. Rh8 Rc7
41. Kf4 Kxh3 42. Rxh5+ Kg2 43. Rh8 Bb7 44. Rb8 1-0

[Event "Bad Woerishofen Sen"]
[Site "Bad Woerishofen"]
[Date "2001.??.??"]
[Round "3"]
[White "Fahnenschmidt, Gerhard"]
[Black "Perk, Egbert"]
[Result "1-0"]
[WhiteElo "2270"]
[BlackElo "2071"]
[Annotator "ChessOrg"]
[PlyCount "95"]
[EventDate "1998.03.05"]
[Source "ChessBase"]
[SourceDate "1998.04.29"]

1. d4 Nf6 2. c4 g6 3. Nc3 Bg7 4. e4 d6 5. h3 c6 6. Bg5 O-O 7. Qd2 Re8 8. O-O-O
Qc7 9. f4 h6 10. Bh4 e5 11. fxe5 dxe5 12. d5 Kh7 13. Nf3 Nbd7 14. d6 Qa5 15.
Kb1 Qb6 16. Bf2 Qd8 17. c5 Nf8 18. g4 Ng8 19. g5 h5 20. Bg3 f6 21. Bc4 Qd7 22.
gxf6 Bxf6 23. Ng5+ Bxg5 24. Qxg5 Qg7 25. Rdf1 Nh6 26. Rf6 Be6 27. Rxf8 Qxf8 28.
Be2 Nf7 29. Qc1 Rad8 30. Bh4 Rd7 31. Rf1 Qh6 32. Qd1 g5 33. Be1 h4 34. Bg4 Nd8
35. Rf5 Rf8 36. Bd2 Rxf5 37. exf5 Bf7 38. Ne4 Bd5 39. Nxg5+ Kg8 40. Ne6 Qh7 41.
Ka1 Nf7 42. Qg1 Nh6 43. Bh5+ Kh8 44. Bg6 Rg7 45. Nxg7 Qxg7 46. Qg5 Nf7 47.
Qxh4+ Kg8 48. d7 1-0

[Event "Bad Woerishofen Sen"]
[Site "Bad Woerishofen"]
[Date "2001.??.??"]
[Round "5"]
[White "Fahnenschmidt, Gerhard"]
[Black "Helmsen, Franz"]
[Result "1-0"]
[WhiteElo "2270"]
[BlackElo "2159"]
[Annotator "ChessOrg"]
[PlyCount "81"]
[EventDate "1998.03.05"]
[Source "ChessBase"]
[SourceDate "1998.04.29"]

1. d4 d5 2. c4 Nc6 3. Nc3 Nf6 4. cxd5 Nxd5 5. e4 Nxc3 6. bxc3 e5 7. d5 Ne7 8.
Ba3 Ng6 9. Bxf8 Nxf8 10. Nf3 Ng6 11. h4 h5 12. Bb5+ Bd7 13. Rb1 b6 14. g3 a6
15. Bxd7+ Qxd7 16. Ng5 Nf8 17. c4 f6 18. Nf3 Qd6 19. Nd2 Nd7 20. Nb3 Nc5 21.
Nxc5 Qxc5 22. Qa4+ Ke7 23. O-O Rhd8 24. Kh2 Qd4 25. Qc6 Rac8 26. Qe6+ Kf8 27.
Qf5 Kg8 28. g4 hxg4 29. Rg1 Qd2 30. Rxg4 Qh6 31. Rbg1 Kh8 32. Kg2 Rg8 33. Rg6
Qh7 34. h5 Rce8 35. Kf1 Rgf8 36. h6 Rf7 37. hxg7+ Kg8 38. Qg4 Qh2 39. Rg3 Qh1+
40. Ke2 f5 41. exf5 1-0

[Event "Bad Woerishofen Sen"]
[Site "Bad Woerishofen"]
[Date "2001.??.??"]
[Round "7"]
[White "Fahnenschmidt, Gerhard"]
[Black "Zoltek, Tadeusz"]
[Result "0-1"]
[WhiteElo "2270"]
[BlackElo "2304"]
[Annotator "ChessOrg"]
[PlyCount "172"]
[EventDate "1998.03.05"]
[Source "ChessBase"]
[SourceDate "1998.04.29"]

1. d4 d5 2. c4 e6 3. cxd5 exd5 4. Nc3 Nf6 5. Bg5 Be7 6. e3 c6 7. Bd3 O-O 8. Qc2
Nbd7 9. Nge2 Re8 10. Ng3 Nf8 11. O-O g6 12. Bxf6 Bxf6 13. b4 Ne6 14. b5 c5 15.
dxc5 Nxc5 16. Rad1 Be6 17. Bc4 d4 18. Nce4 Nxe4 19. Nxe4 Bxc4 20. Nxf6+ Qxf6
21. Qxc4 dxe3 22. fxe3 Qe7 23. Rf3 Rac8 24. Qb3 Rc7 25. b6 axb6 26. Qxb6 Rc6
27. Qb5 Rec8 28. Rdf1 Rc1 29. Qb3 Rxf1+ 30. Rxf1 Re8 31. Rf3 Qc7 32. h3 Re7 33.
Qb2 Qe5 34. Qxe5 Rxe5 35. Rf6 Rxe3 36. Rb6 Re7 37. a4 h5 38. a5 h4 39. Kf2 Rc7
40. a6 Rc2+ 41. Kf3 Rc3+ 42. Kf2 bxa6 43. Rxa6 Rc4 44. Rb6 Kg7 45. Ra6 Rf4+ 46.
Ke3 Rf5 47. Ra4 g5 48. Rg4 Kg6 49. Ra4 Rf1 50. Ra6+ f6 51. Ke2 Rf4 52. Ke3 Rb4
53. Kf3 Rb5 54. Ra8 Kf5 55. Ra3 Kg6 56. g4 hxg3 57. Kxg3 Kh5 58. Ra8 Rb3+ 59.
Kg2 Kg6 60. Ra4 Rb2+ 61. Kf3 f5 62. Ra6+ Kh5 63. Ra8 Rb3+ 64. Kg2 Rd3 65. Rh8+
Kg6 66. h4 g4 67. Rg8+ Kf6 68. Rf8+ Ke5 69. Re8+ Kf4 70. Ra8 Rd2+ 71. Kf1 Kg3
72. h5 Rh2 73. Ra3+ Kf4 74. Ra4+ Kg5 75. Kg1 Rxh5 76. Kg2 Rh8 77. Kg3 Rb8 78.
Rc4 Rb3+ 79. Kg2 Rb2+ 80. Kg1 f4 81. Rc1 g3 82. Rc3 Kg4 83. Kh1 Rb1+ 84. Kg2
f3+ 85. Rxf3 Rb2+ 86. Kh1 Kxf3 0-1

[Event "Bad Woerishofen Sen"]
[Site "Bad Woerishofen"]
[Date "2001.??.??"]
[Round "9"]
[White "Fahnenschmidt, Gerhard"]
[Black "Potthammel, Joerg"]
[Result "1-0"]
[WhiteElo "2270"]
[BlackElo "2094"]
[Annotator "ChessOrg"]
[PlyCount "59"]
[EventDate "1998.03.05"]
[Source "ChessBase"]
[SourceDate "1998.04.29"]

1. Nf3 Nf6 2. c4 c5 3. Nc3 Nc6 4. d4 cxd4 5. Nxd4 d6 6. Bg5 Qb6 7. Bxf6 gxf6 8.
Ndb5 Be6 9. Qb3 Rc8 10. e3 Bg7 11. Nd5 Bxd5 12. cxd5 Ne5 13. Be2 a6 14. Nd4
Qxb3 15. axb3 O-O 16. O-O Rfd8 17. f4 Nd7 18. Bg4 Rc7 19. Rac1 Rdc8 20. Rxc7
Rxc7 21. Bxd7 Rxd7 22. Rc1 h6 23. Rc8+ Kh7 24. f5 h5 25. h4 Bh6 26. Kf2 Kg7 27.
b4 Kh7 28. Ke2 Kg7 29. Ne6+ Kh7 30. Rd8 1-0

[Event "Bad Woerishofen Sen"]
[Site "Bad Woerishofen"]
[Date "2001.??.??"]
[Round "2"]
[White "Fehres, Werner"]
[Black "Geissler, Dieter"]
[Result "0-1"]
[WhiteElo "1816"]
[BlackElo "2070"]
[Annotator "ChessOrg"]
[PlyCount "124"]
[EventDate "1998.03.05"]
[Source "ChessBase"]
[SourceDate "1998.04.29"]

1. e4 e5 2. Nf3 Nc6 3. Bc4 Bc5 4. O-O Nf6 5. c3 Nxe4 6. Bd5 Nf6 7. Bxc6 dxc6 8.
Nxe5 O-O 9. d4 Bd6 10. f4 c5 11. h3 cxd4 12. cxd4 c5 13. Be3 Nd5 14. Nc4 Nxe3
15. Nxe3 Qf6 16. Nc4 cxd4 17. Nxd6 Qxd6 18. Nc3 Rd8 19. Ne4 Qb6 20. Rf2 Qg6 21.
Qf3 Qc6 22. g4 Be6 23. Qd3 Bc4 24. Qf3 Re8 25. Nd2 Bd5 26. Qd3 Re3 27. Qf1 Rae8
28. Rc1 Qd7 29. Kh2 d3 30. Rc3 Bc6 31. Nc4 Re2 32. Ne5 Qd4 33. Nxd3 Rxf2+ 34.
Qxf2 Qd5 35. Ne5 Qd1 36. Rd3 Qh1+ 37. Kg3 Bb5 38. Re3 Rd8 39. Re1 Qd5 40. Re3
f6 41. Nf3 Qxa2 42. Ra3 Qc4 43. Qxa7 Bc6 44. Qe3 Kf8 45. Rc3 Qd5 46. b4 Qd6 47.
Rc4 Re8 48. Qd4 Qe7 49. Rc3 Bxf3 50. Rxf3 Qe1+ 51. Rf2 Qe4 52. Qc5+ Kf7 53.
Qh5+ Kg8 54. Qc5 Rd8 55. Rf3 h6 56. Qc3 Rd4 57. b5 Kh7 58. Qc1 Rb4 59. Qc5 Qb1
60. f5 Rxb5 61. Qe7 Re5 62. Qa3 Qe1+ 0-1

[Event "Bad Woerishofen Sen"]
[Site "Bad Woerishofen"]
[Date "2001.??.??"]
[Round "4"]
[White "Fehres, Werner"]
[Black "Wegener, Hans-Karl"]
[Result "1/2-1/2"]
[WhiteElo "1816"]
[BlackElo "2089"]
[Annotator "ChessOrg"]
[PlyCount "88"]
[EventDate "1998.03.05"]
[Source "ChessBase"]
[SourceDate "1998.04.29"]

1. e4 d5 2. e5 c5 3. c3 d4 4. d3 Nc6 5. f4 Nh6 6. Be2 g6 7. Nf3 Bg7 8. O-O O-O
9. Nbd2 b6 10. Ne1 Bb7 11. Ne4 Kh8 12. c4 f6 13. exf6 exf6 14. Bd2 Nf5 15. Rf2
Ne3 16. Qb3 f5 17. Nxc5 Bc8 18. Na4 Ng4 19. Rf3 Re8 20. Bf1 Ne3 21. Rf2 Nxf1
22. Kxf1 Qd6 23. Qc2 Nb4 24. Bxb4 Qxb4 25. a3 Qd6 26. b4 Bd7 27. Nb2 Re7 28.
Qd2 Rae8 29. Nf3 Bc6 30. Re1 Bxf3 31. Rxe7 Bxg2+ 32. Kxg2 Qxe7 33. Qd1 Kg8 34.
Qf3 Kf8 35. Qd5 Qe6 36. Qf3 Kf7 37. Na4 Qe3 38. Qd5+ Qe6 39. Qf3 Re7 40. c5
bxc5 41. Nxc5 Qe3 42. Qd5+ Kf8 43. Qa8+ Kf7 44. Qd5+ Kf8 1/2-1/2

[Event "Bad Woerishofen Sen"]
[Site "Bad Woerishofen"]
[Date "2001.??.??"]
[Round "7"]
[White "Fehres, Werner"]
[Black "Sauer, Rudolf"]
[Result "1/2-1/2"]
[WhiteElo "1816"]
[BlackElo "1684"]
[Annotator "ChessOrg"]
[PlyCount "40"]
[EventDate "1998.03.05"]
[Source "ChessBase"]
[SourceDate "1998.04.29"]

1. e4 c5 2. f4 d5 3. e5 Nc6 4. c3 e6 5. Nf3 h5 6. d3 Nge7 7. Be3 Nf5 8. Bf2 Be7
9. Be2 a6 10. O-O b5 11. a3 Bb7 12. Nbd2 Qc7 13. Rc1 Nd8 14. d4 c4 15. Ne1 g6
16. Nc2 Nc6 17. g3 a5 18. b3 Rd8 19. bxc4 bxc4 20. Ra1 Rb8 1/2-1/2

[Event "Bad Woerishofen Sen"]
[Site "Bad Woerishofen"]
[Date "2001.??.??"]
[Round "8"]
[White "Fehres, Werner"]
[Black "Tessmer, Herbert"]
[Result "1/2-1/2"]
[WhiteElo "1816"]
[BlackElo "1700"]
[Annotator "ChessOrg"]
[PlyCount "30"]
[EventDate "1998.03.05"]
[Source "ChessBase"]
[SourceDate "1998.04.29"]

1. e4 e6 2. f4 d5 3. e5 c5 4. c3 Nc6 5. Nf3 Bd7 6. Be2 Qb6 7. d3 Nh6 8. b3 Be7
9. Na3 Nf5 10. Nc2 Rc8 11. Bd2 O-O 12. O-O f6 13. g4 Nh6 14. exf6 gxf6 15. h3
Nf7 1/2-1/2

[Event "Bad Woerishofen Sen"]
[Site "Bad Woerishofen"]
[Date "2001.??.??"]
[Round "2"]
[White "Fels, Karl-Heinz"]
[Black "Wolf, Margot"]
[Result "1-0"]
[WhiteElo "1850"]
[BlackElo "1243"]
[Annotator "ChessOrg"]
[PlyCount "59"]
[EventDate "1998.03.05"]
[Source "ChessBase"]
[SourceDate "1998.04.29"]

1. e4 c6 2. d4 d5 3. exd5 cxd5 4. c4 e6 5. c5 Qc7 6. Nf3 Nd7 7. Nc3 a6 8. b4 b6
9. Be3 Ngf6 10. Bd3 Be7 11. O-O O-O 12. Qd2 Qb7 13. Rfb1 Bd8 14. Qc2 Bc7 15. a4
Qb8 16. h3 h6 17. c6 Ne5 18. dxe5 Bxe5 19. Nxe5 Qxe5 20. Bxb6 Qd6 21. b5 e5 22.
f3 d4 23. Ne4 Nxe4 24. Bxe4 Re8 25. Bc5 Qe6 26. c7 Bd7 27. Bxa8 Rxa8 28. b6 Qc6
29. b7 Re8 30. b8=Q 1-0

[Event "Bad Woerishofen Sen"]
[Site "Bad Woerishofen"]
[Date "2001.??.??"]
[Round "4"]
[White "Fels, Karl-Heinz"]
[Black "Richter, Gerhard"]
[Result "0-1"]
[WhiteElo "1850"]
[BlackElo "1913"]
[Annotator "ChessOrg"]
[PlyCount "80"]
[EventDate "1998.03.05"]
[Source "ChessBase"]
[SourceDate "1998.04.29"]

1. e4 d6 2. d4 Nf6 3. Nc3 c6 4. Nf3 Bg4 5. h3 Bh5 6. Be3 e6 7. Bd3 Be7 8. g4
Bg6 9. e5 Nd5 10. Nxd5 cxd5 11. Qd2 Nc6 12. exd6 Bxd6 13. a3 Rc8 14. h4 Qf6 15.
Rh3 Qe7 16. h5 Bxd3 17. Qxd3 Qc7 18. c3 Ke7 19. g5 Na5 20. Nd2 f5 21. gxf6+
gxf6 22. Ke2 Rcg8 23. Rf1 f5 24. f4 Rg4 25. b4 Nc4 26. Nxc4 dxc4 27. Qd2 Qc6
28. Rh2 Qd5 29. Rf3 Rhg8 30. Rff2 Qe4 31. Kf1 Rg1+ 32. Ke2 R8g4 33. a4 Bxf4 34.
Rh3 R1g2 35. Rhf3 Rxf2+ 36. Kxf2 Bxe3+ 37. Qxe3 Qc2+ 38. Kf1 Qd1+ 39. Kf2 Qg1+
40. Ke2 Re4 0-1

[Event "Bad Woerishofen Sen"]
[Site "Bad Woerishofen"]
[Date "2001.??.??"]
[Round "6"]
[White "Fels, Karl-Heinz"]
[Black "Hahner, Anton"]
[Result "1-0"]
[WhiteElo "1850"]
[BlackElo "1700"]
[Annotator "ChessOrg"]
[PlyCount "39"]
[EventDate "1998.03.05"]
[Source "ChessBase"]
[SourceDate "1998.04.29"]

1. e4 c5 2. Nf3 d6 3. d4 cxd4 4. Nxd4 Nc6 5. Nc3 a6 6. Be3 Nf6 7. Be2 g6 8. f3
Bg7 9. Qd2 Bd7 10. g4 Nxd4 11. Bxd4 Bc6 12. Bc4 Qc7 13. Bb3 e6 14. h4 Ke7 15.
O-O-O h5 16. g5 Ne8 17. Rhf1 Bxd4 18. Qxd4 e5 19. Qd2 Ng7 20. f4 1-0

[Event "Bad Woerishofen Sen"]
[Site "Bad Woerishofen"]
[Date "2001.??.??"]
[Round "8"]
[White "Fels, Karl-Heinz"]
[Black "Kahler, Kurt"]
[Result "1-0"]
[WhiteElo "1850"]
[BlackElo "1740"]
[Annotator "ChessOrg"]
[PlyCount "71"]
[EventDate "1998.03.05"]
[Source "ChessBase"]
[SourceDate "1998.04.29"]

1. e4 c5 2. Nf3 d6 3. d4 cxd4 4. Nxd4 Nf6 5. Nc3 g6 6. Be3 Bg7 7. f3 Bd7 8. Bc4
Nc6 9. Qd2 O-O 10. g4 Ne5 11. Bb3 b5 12. h4 h5 13. gxh5 Nxh5 14. Bh6 a5 15.
Bxg7 Kxg7 16. a4 b4 17. Nce2 Qb6 18. O-O-O Rac8 19. Kb1 Nc4 20. Bxc4 Rxc4 21.
b3 Rc5 22. Rhg1 Rfc8 23. Rc1 e6 24. f4 e5 25. Nf3 Nxf4 26. Nxf4 exf4 27. Qxf4
Qc7 28. Nd4 d5 29. e5 Qd8 30. Rcf1 Qe7 31. h5 Rf8 32. hxg6 f5 33. Rh1 Rh8 34.
Rxh8 Kxh8 35. Rh1+ Kg8 36. Rh7 1-0

[Event "Bad Woerishofen Sen"]
[Site "Bad Woerishofen"]
[Date "2001.??.??"]
[Round "2"]
[White "Fleckner, Hans"]
[Black "Schmid, Hermann"]
[Result "0-1"]
[WhiteElo "1830"]
[BlackElo "2171"]
[Annotator "ChessOrg"]
[PlyCount "78"]
[EventDate "1998.03.05"]
[Source "ChessBase"]
[SourceDate "1998.04.29"]

1. e4 c6 2. d4 d5 3. exd5 cxd5 4. Bd3 Nc6 5. c3 Qc7 6. Bg5 Nf6 7. Nd2 Bg4 8.
Qb3 e6 9. Ngf3 Be7 10. O-O O-O 11. Bh4 a6 12. Qc2 h6 13. Rfe1 Rfc8 14. Rac1 Nd7
15. Bxe7 Nxe7 16. h3 Bf5 17. Bxf5 Nxf5 18. g4 Ne7 19. Nh4 b5 20. Ndf3 Qf4 21.
Qd3 Rc7 22. Ng2 Qf6 23. Ne5 Nc8 24. Re3 Nd6 25. Rce1 Nc4 26. Nxc4 bxc4 27. Qe2
Rb7 28. Rf3 Qd8 29. Rxf7 Rb6 30. Rf3 Rab8 31. Nf4 Nf8 32. Nh5 Rxb2 33. Qe5 Qd7
34. Rf6 Rb1 35. Rxb1 Rxb1+ 36. Kg2 Qe7 37. Rf3 Ng6 38. Qe2 Nh4+ 39. Kh2 Nxf3+
0-1

[Event "Bad Woerishofen Sen"]
[Site "Bad Woerishofen"]
[Date "2001.??.??"]
[Round "4"]
[White "Fleckner, Hans"]
[Black "Wicklund-Hansen, Richard"]
[Result "1-0"]
[WhiteElo "1830"]
[BlackElo "2058"]
[Annotator "ChessOrg"]
[PlyCount "37"]
[EventDate "1998.03.05"]
[Source "ChessBase"]
[SourceDate "1998.04.29"]

1. e4 Nc6 2. Nf3 d6 3. Nc3 Bg4 4. Be2 Nf6 5. d4 e5 6. Be3 Bxf3 7. gxf3 exd4 8.
Bxd4 Nxd4 9. Qxd4 g6 10. O-O-O Bg7 11. Kb1 O-O 12. Qd2 Re8 13. h4 h5 14. Bc4 a6
15. Rdg1 Kf8 16. Rg2 Nd7 17. Rxg6 Bxc3 18. Qh6+ Ke7 19. Re6+ 1-0

[Event "Bad Woerishofen Sen"]
[Site "Bad Woerishofen"]
[Date "2001.??.??"]
[Round "6"]
[White "Fleckner, Hans"]
[Black "Thielemann, Joachim"]
[Result "0-1"]
[WhiteElo "1830"]
[BlackElo "2061"]
[Annotator "ChessOrg"]
[PlyCount "90"]
[EventDate "1998.03.05"]
[Source "ChessBase"]
[SourceDate "1998.04.29"]

1. e4 e5 2. Nf3 Nf6 3. Nxe5 d6 4. Nf3 Nxe4 5. d4 d5 6. Bd3 Be7 7. O-O O-O 8. c4
c6 9. cxd5 cxd5 10. Nc3 Nxc3 11. bxc3 Nd7 12. Re1 Nf6 13. h3 h6 14. Ne5 Bd7 15.
Qf3 Rc8 16. Bd2 Be6 17. Re3 Nd7 18. Nxd7 Qxd7 19. Re2 Rc7 20. Rae1 Bd6 21. Qh5
Re8 22. Bxh6 Rxc3 23. Bxg7 Kxg7 24. Qh7+ Kf6 25. Qh6+ Ke7 26. Qg5+ Kf8 27. Qh6+
Ke7 28. Qg5+ Kf8 29. Bh7 Qc8 30. Qg8+ Ke7 31. Qg5+ Kd7 32. Bf5 Kc7 33. Bxe6
Rxe6 34. g3 Rxe2 35. Rxe2 Qxh3 36. Re8 Qd7 37. Qg8 Kb6 38. Re1 a6 39. Rb1+ Ka7
40. Qg5 Qc7 41. Qxd5 Bxg3 42. fxg3 Rxg3+ 43. Kf2 Qf4+ 44. Ke2 Qe3+ 45. Kd1 Qd3+
0-1

[Event "Bad Woerishofen Sen"]
[Site "Bad Woerishofen"]
[Date "2001.??.??"]
[Round "8"]
[White "Fleckner, Hans"]
[Black "Tochtermann, Georg"]
[Result "1/2-1/2"]
[WhiteElo "1830"]
[BlackElo "2020"]
[Annotator "ChessOrg"]
[PlyCount "42"]
[EventDate "1998.03.05"]
[Source "ChessBase"]
[SourceDate "1998.04.29"]

1. e4 e5 2. Nf3 Nc6 3. Bb5 a6 4. Ba4 Nf6 5. O-O Be7 6. Re1 b5 7. Bb3 O-O 8. c3
d5 9. exd5 Nxd5 10. Nxe5 Nxe5 11. Rxe5 c6 12. d4 Bd6 13. Re1 Qh4 14. g3 Qh3 15.
Be3 Bg4 16. Qd3 f5 17. Qf1 Qh5 18. Bxd5+ cxd5 19. f4 g5 20. Nd2 Rae8 21. Qg2
Re4 1/2-1/2

[Event "Bad Woerishofen Sen"]
[Site "Bad Woerishofen"]
[Date "2001.??.??"]
[Round "1"]
[White "Forth, Bernhard"]
[Black "Sauer, Rudolf"]
[Result "1/2-1/2"]
[WhiteElo "1895"]
[BlackElo "1684"]
[Annotator "ChessOrg"]
[PlyCount "39"]
[EventDate "1998.03.05"]
[Source "ChessBase"]
[SourceDate "1998.04.29"]

1. e4 c6 2. d4 d5 3. Nd2 dxe4 4. Nxe4 Nf6 5. Nxf6+ exf6 6. Nf3 Bd6 7. Bd3 Bg4
8. h3 Bd7 9. c3 Qe7+ 10. Kd2 O-O 11. Re1 Be6 12. Kc2 Qc7 13. Be3 Nd7 14. b3
Rfe8 15. Kb2 Nf8 16. Qc2 b5 17. Nd2 a6 18. Ne4 Bf4 19. Bxf4 Qxf4 20. f3 1/2-1/2

[Event "Bad Woerishofen Sen"]
[Site "Bad Woerishofen"]
[Date "2001.??.??"]
[Round "3"]
[White "Forth, Bernhard"]
[Black "Ruppelt, Guenter"]
[Result "1-0"]
[WhiteElo "1895"]
[BlackElo "1700"]
[Annotator "ChessOrg"]
[PlyCount "110"]
[EventDate "1998.03.05"]
[Source "ChessBase"]
[SourceDate "1998.04.29"]

1. e4 d6 2. d4 Nf6 3. Nc3 c6 4. f4 g6 5. Nf3 Bg4 6. h3 Bxf3 7. Qxf3 Bg7 8. Bd3
O-O 9. Be3 Nbd7 10. e5 dxe5 11. dxe5 Ne8 12. Rd1 Qc7 13. O-O f5 14. Bc4+ Kh8
15. Bb3 Nb6 16. Rd2 Rd8 17. Rfd1 Rxd2 18. Rxd2 h6 19. a4 Qb8 20. Bc5 Qc7 21. g3
Nc8 22. Be6 Nb6 23. a5 Nd5 24. Nxd5 cxd5 25. Qxd5 b6 26. axb6 axb6 27. Ba3 Qa7
28. Qc6 b5+ 29. Qc5 Qa5 30. c3 Nc7 31. Bb3 e6 32. Rd7 Na6 33. Qa7 b4 34. Bxb4
Qa1+ 35. Rd1 Qxb2 36. Bxf8 Bxf8 37. Rd8 Qc1+ 38. Bd1 Qa3 39. Rxf8+ Qxf8 40.
Qxa6 Qc5+ 41. Kg2 Qd5+ 42. Bf3 Qd2+ 43. Qe2 Qxc3 44. Qa2 Qc8 45. Qa8 Qxa8 46.
Bxa8 Kg7 47. h4 Kf7 48. Kf3 g5 49. Bc6 gxh4 50. gxh4 Ke7 51. h5 Kd8 52. Ke3 Kc7
53. Ba4 Kd8 54. Kd4 Kc8 55. Kc5 Kc7 1-0

[Event "Bad Woerishofen Sen"]
[Site "Bad Woerishofen"]
[Date "2001.??.??"]
[Round "7"]
[White "Forth, Bernhard"]
[Black "Greifzu, Helmut"]
[Result "1/2-1/2"]
[WhiteElo "1895"]
[BlackElo "2048"]
[Annotator "ChessOrg"]
[PlyCount "67"]
[EventDate "1998.03.05"]
[Source "ChessBase"]
[SourceDate "1998.04.29"]

1. e4 g6 2. d4 Bg7 3. Nc3 c6 4. f4 d5 5. e5 h5 6. Nf3 Nh6 7. Bd3 Bg4 8. h3 Bxf3
9. Qxf3 e6 10. Be3 h4 11. Ne2 Nd7 12. O-O-O Qa5 13. Kb1 c5 14. dxc5 Nxc5 15.
Bxc5 Qxc5 16. g4 hxg3 17. Qxg3 Qc7 18. Nd4 O-O-O 19. Rhg1 Bf8 20. Nb3 Be7 21.
Qe3 Kb8 22. c3 a5 23. Rg2 a4 24. Nd4 Bc5 25. b4 axb3 26. axb3 Qb6 27. Rb2 Ng8
28. Qf3 Ne7 29. Nb5 Nf5 30. b4 Be7 31. Bxf5 Qxb5 32. Bd3 Qb6 33. Rc1 Rc8 34.
Bf1 1/2-1/2